All 25k+ cities in New Jersey with a map - Statistics

General Stats
  • This quiz has been taken 86 times
  • The average score is 22 of 42
Answers on the Map
Answers color-coded by a green-red scale on the quiz's map according to % correct below.
 
Answer Stats
City Population % Correct
Newark 311,553
100%
Trenton 90,810
100%
Jersey City 292,749
98%
Atlantic City 38,489
91%
Camden 71,775
86%
Paterson 159,759
86%
Hoboken 60,057
83%
Elizabeth 137,310
79%
New Brunswick 55,256
72%
Vineland 60,782
72%
East Orange 69,656
69%
Passaic 70,547
69%
Clifton 89,872
67%
Bayonne 71,686
66%
Toms River 92,830
64%
Lakewood 69,398
60%
Hackensack 46,032
59%
Perth Amboy 55,437
59%
West New York 52,835
59%
Princeton 30,689
55%
Union City 68,634
55%
Fort Lee 40,172
48%
Kearny 42,004
47%
Plainfield 54,600
45%
Linden 43,746
36%
Paramus 26,692
34%
Englewood 29,309
33%
Garfield 32,651
33%
Rahway 29,550
33%
Sayreville 45,337
33%
Bergenfield 28,340
31%
Long Branch 31,660
29%
Old Bridge 27,210
29%
Cliffside Park 25,703
24%
Bridgeton 27,275
22%
Fair Lawn 34,930
22%
Millville 27,495
22%
Carteret 25,330
21%
Ridgewood 25,975
19%
Westfield 31,039
19%
Lodi 26,200
17%
Sicklerville 45,084
10%
No matching quizzes found
Score Distribution
Percent of People with Each Score
Percentile by Number Answered
Your Score History
You have not taken this quiz